Estadísticas para Banderas con solo azul y blanco - por imágenes

Haz click aquí para tomar la prueba!

Estadísticas generales

  • Esta prueba ha sido tomada 188 veces
  • La puntuación promedio es 5 de 6

Estadísticas de respuestas

Respuesta% Correcto
Grecia
99%
Israel
99%
Finlandia
97%
Honduras
91%
Somalia
82%
Micronesia
73%

Distribución de puntuación

Porcentaje por número respondido

Porcentaje de gente con cada puntuación

Historial de tus puntuaciones

No has tomado esta prueba